Langues régionales françaises - Statistiques

Statistiques générales
  • Ce quiz a été pris 209 fois
  • Le résultat moyen est 15 sur 35
Statistiques - réponses
Par images Réponse % Correct
Breton
99%
Corse
97%
Basque
88%
Languedocien
83%
Alsacien
80%
Catalan
73%
Normand/Cauchois
73%
Ch'timi
63%
Savoyard
59%
Provençal
58%
Lorrain
55%
Picard
54%
Auvergnat
49%
Bourguignon
40%
Gascon
38%
Nissart
38%
Lyonnais
37%
Béarnais
36%
Limousin
32%
Champenois
31%
Dauphinois
31%
Franc-comtois
31%
Gallo
29%
Orléanais
28%
Poitevin
27%
Tourangeau
26%
Berrichon
25%
Angevin
24%
Jurassien
19%
Bourbonnais
17%
Saintongeais
16%
Francique
15%
Provençal-Alpin
13%
Forézien
10%
Parisiens
5%
Aucun quiz correspondant
Distribution des résultats
% des personnes avec chaque résultat
Percentile par nombre de réponses
Votre historique - résultats
Vous n’avez pas pris ce quiz